00576 2200205 4500001002100000005001700021008004100038020002200079035002400101082001800125084001800143100003100161245007300192250001000265260003100275300001200306650002100318850001200339990001900351INLIS00000000000000120140826030241.0  a978-979-21-3646-3 0010-081400000103194 aDep 264 Koe D aDep 264 Koe D aKoerniatmanto Soetaprawiro aDoa Rosario Dalam Lima Bahasa Indonesia, Sunda, Jawa, Inggris, Latin aCet.1 aYogyakartabKanisiusc2013 a144 hlm aIbadah (Kristen) aYOPDYOG aCB-D112013-789